000 00801nam a2200289 a 4500
001 vtls001782460
003 NLI
005 20210629042743.0
008 140215s1913 nyu 000 0 eng
039 9 _y201402152115
_zVLOAD
040 _a NLI
_b eng
_c Entertech IMP - 2013
_e AACR2
041 0 _aeng
044 _anyu
082 _a161
100 1 _aDewey, Melvil
_9781174
245 1 0 _aDecimal classification and relative index for libraries, clippings, notes, etc /
_cMelvil Dewey
250 _a8th ed.
260 _aNew York :
_b[s.n.],
_c1913
300 _c4 degree.
650 0 _aTopography
_xHistory
650 0 _aGeography
_9678289
887 _a
901 _aIMP5122
902 _a161. E. 158.
949 _AVIRTUAITEM
_D10000
_X100
_6IMP000005122ENG
942 _2ddc
_cBKS
999 _c1219087
_d1219087